Concelhos de Setúbal no mapa - Statistics

Estatísticas Gerais
  • Esse quiz foi jogado 80 vezes
  • A pontuação média é 10 de 13
Respostas no mapa
Respostas codificadas por cores de uma escala verde-vermelha no mapa do quiz de acordo com a % correta abaixo.
 
Estatísticas das Respostas
Resposta % Correto
Alcácer do Sal
87%
Santiago do Cacém
87%
Almada
81%
Sesimbra
81%
Setúbal
81%
Sines
81%
Grândola
77%
Moita
71%
Montijo
71%
Palmela
71%
Seixal
68%
Alcochete
55%
Barreiro
52%
Nenhum quiz correspondente encontrado
Distribuição das Pontuações
Porcentagem de Pessoas com Cada Pontuação
Percentil de Números Respondidos
Sua Pontuação Histórica
Você não jogou esse quiz